Statistiques concernant Paroles Chanson Madagascar

Cliquez ici pour prendre le quiz!

Statistiques générales

  • Ce quiz a été pris 25 fois
  • Le résultat moyen est 7 sur 16

Statistiques - réponses

Réponse% Correct
à
95%
anniversaire
67%
joyeux
62%
tu
48%
tu
48%
tu
48%
zoo
48%
dans
43%
un
38%
un
38%
vis
38%
l'asticot
33%
ressemble
33%
sens
33%
singe
29%
vert
29%

Distribution des résultats

Percentile par nombre de réponses

% des personnes avec chaque résultat

Votre développement - résultats

Vous n’avez pas pris ce quiz